NASDAQ-100 Companies - Statistics

General Stats
  • This quiz has been taken 404 times
  • The average score is 13 of 100
Answer Stats
Industry Company % Correct
Technology Hardware, Storage & Peripherals Apple
82%
Systems Software Microsoft
78%
Internet & Direct Marketing Retail Amazon
77%
Semiconductors Nvidia
67%
Interactive Media & Services Facebook
63%
Interactive Media & Services Alphabet
60%
Semiconductors Intel
54%
Automobile Manufacturers Tesla
51%
Movies & Entertainment Netflix
50%
Soft Drinks PepsiCo
36%
Application Software Adobe
33%
Biotechnology Moderna
24%
Semiconductors Broadcom
23%
Communications Equipment Cisco
23%
Biotechnology Amgen
21%
Semiconductor Equipment ASML
21%
Soft Drinks Monster
21%
Semiconductors Qualcomm
21%
Restaurants Starbucks
21%
Semiconductors Texas Instruments
20%
Semiconductor Equipment Applied
18%
Movies & Entertainment Fox
18%
Semiconductors Micron
17%
Cable & Satellite Comcast
16%
Hypermarkets & Super Centers Costco
16%
Biotechnology Gilead
16%
Data Processing & Outsourced Services PayPal
16%
Internet & Direct Marketing Retail eBay
15%
Interactive Home Entertainment Electronic Arts
15%
Semiconductors Analog
14%
Soft Drinks Keurig Dr Pepper
14%
Interactive Home Entertainment Activision Blizzard
13%
Apparel, Accessories & Luxury Goods Lululemon Athletica
13%
Wireless Telecommunication Services T-Mobile
13%
Biotechnology Biogen
12%
Application Software Intuit
12%
Packaged Foods & Meats Kraft Heinz
12%
Internet & Direct Marketing Retail Booking
9%
General Merchandise Stores Dollar Tree
9%
Internet & Direct Marketing Retail JD
9%
Semiconductors Advanced Micro Devices
8%
Electric Utilities American Electric Power
8%
Hotels, Resorts & Cruise Lines Marriott
8%
Semiconductors Microchip
6%
Application Software Zoom
6%
Biotechnology Vertex
5%
Application Software Autodesk
4%
Application Software Cadence
4%
Semiconductor Equipment KLA
4%
Semiconductor Equipment Lam
4%
Internet & Direct Marketing Retail MercadoLibre
4%
Packaged Foods & Meats Mondelēz
4%
Semiconductors NXP
4%
Application Software Okta
4%
Health Care Supplies Align
3%
Application Software Atlassian
3%
Data Processing & Outsourced Services Automatic Data Processing
3%
Interactive Media & Services Baidu
3%
Railroads CSX
3%
Application Software Marvell
3%
Data Processing & Outsourced Services Paychex
3%
Biotechnology Regeneron
3%
Application Software Workday
3%
Application Software Ansys
2%
Technology Distributors CDW
2%
Application Software DocuSign
2%
Specialty Stores O'Reilly
2%
Construction Machinery & Heavy Trucks Paccar
2%
Leisure Products Peloton
2%
Internet & Direct Marketing Retail Pinduoduo
2%
Biotechnology Seagen
2%
Internet & Direct Marketing Retail Trip
2%
Internet Services & Infrastructure Verisign
2%
Multi-Utilities Xcel
2%
Semiconductors Xilinx
2%
Pharmaceuticals Alexion
1%
Cable & Satellite Charter Communications
1%
Application Software Check Point
1%
Diversified Support Services Cintas
1%
Building Products Fastenal
1%
Health Care Equipment Idexx
1%
Life Sciences Tools & Services Illumina
1%
Health Care Equipment Intuitive Surgical
1%
Interactive Media & Services Match
1%
Semiconductors Maxim
1%
Apparel Retail Ross
1%
Application Software Splunk
1%
Application Software Synopsys
1%
Research & Consulting Services Verisk
1%
Health Care Technology Cerner
0%
IT Consulting & Other Services Cognizant
0%
Diversified Support Services Copart
0%
Health Care Equipment DexCom
0%
Multi-Utilities Exelon
0%
Data Processing & Outsourced Services Fiserv
0%
Biotechnology Incyte
0%
Interactive Home Entertainment NetEase
0%
Broadcasting Sirius XM
0%
Semiconductors Skyworks Solutions
0%
Drug Retail Walgreen Boots Alliance
0%
No matching quizzes found
Score Distribution
Percent of People with Each Score
Percentile by Number Answered
Your Score History
You have not taken this quiz